| 000 | 00476nam a2200157 i 4500 | ||
|---|---|---|---|
| 001 | 65116 | ||
| 003 | ES-MaACL | ||
| 005 | 20230906165312.0 | ||
| 007 | t| | ||
| 008 | 040108s1973 sp ||||1| spa d | ||
| 100 | 1 |
_aFraile Clivilles, Manuel. _952107 |
|
| 245 | 1 | 0 |
_aComentario al Reglamento de las Cortes / _cManuel Mª Fraile Clivilles. |
| 260 |
_aMadrid : _bInstituto de Estudios Políticos, _c1973. |
||
| 300 |
_a1231 p. ; _c22 cm. |
||
| 852 |
_aES-MaACL _jC-54793 _bR.87562 |
||
| 999 |
_c65116 _d65116 |
||